000 00841cam a2200265 a 4500
001 000003427
003 DO-SdBNP
005 20250128171936.0
007 ta
008 810115s1985 sp b 001 p spa
020 _a8472230856
040 _aDO-SdBNP
_bspa
_cBNPHU
082 4 _a811.4
_bD553p
_222
100 1 _aDickinson, Emily,
_d1830-1886.
_910686
245 1 0 _aPoemas /
_cEmily Dickinson ; Selección y traducción Silvano Ocampo ; prólogo Jorge Luis Borges.
260 _aBarcelona :
_bTusquets,
_c1985.
300 _axiv, 368, xxix p. ;
_c19 cm.
590 _aInventariado, 2022 / DG
650 4 _aPoesía estadounidense
_96278
650 4 _aLiteratura estadounidense
_9263
700 1 _aOcampo, Silvina,
_d1903-1994.
_etr.
_910687
700 1 _aBorges, Jorge Luis,
_d1899-1986
_eprol.
_94173
910 _aDG
942 _2ddc
_cLBS1
999 _c3257
_d3257